| 000 | 00380cam a2200169ua 4500 | ||
|---|---|---|---|
| 020 | _c7.50 | ||
| 041 |
_aeng _h |
||
| 082 |
_a531 _bJOG/ME |
||
| 100 | _aJog, D.S . | ||
| 245 |
_aMechanics / _cD.S Jog. _hTextual Documents |
||
| 260 |
_aBombay : _bPopular Book Depot , _c1961. |
||
| 300 | _a229 ; . | ||
| 365 | _a7.50 | ||
| 504 | _a | ||
| 942 | _cBK | ||
| 999 |
_c7507 _d7507 |
||